| 000 | 02365cam a22005894i 4500 | ||
|---|---|---|---|
| 003 | PE-LiUPU | ||
| 005 | 20260507154058.0 | ||
| 008 | 150623s r 000 0 d | ||
| 035 | _a(Sirsi) a29255 | ||
| 040 |
_aPE-LiUPU _bspa _cPE-LiUPU _erda |
||
| 082 | 0 | 4 |
_a170.92 _bS322é _221 |
| 100 | 1 |
_aScheler, Max, _d1874-1928 _eautor. _98545 |
|
| 245 | 1 | 0 |
_aÉtica : _bNuevo ensayo de fundamentación de un personalismo ético / _nMax Scheler; traducido por Hilario Rodríguez Sanz. |
| 264 | 1 |
_aBuenos Aires : _bRevista de Occidente Argentina, _c1948. |
|
| 300 |
_a2 Tomos ; _c23 cm |
||
| 336 |
_atext _2rdacontent |
||
| 337 |
_aunmediated _2rdamedia |
||
| 338 |
_avolume _2rdacarrier |
||
| 505 | 0 |
_tTomo I: _aLA ÉTICA MATERIAL DE LOS VALORES Y LA ÉTICA DE LOS BIENES Y DE LOS FINES -- Bienes y valores -- Relaciones de los valores "bueno" y "malo" con los restantes valores y con los bienes -- Fines y valores -- FORMALISMO Y APRIORISMO -- Lo "a priori" y lo formal en general -- Lo material "a priori en la ética" -- ÉTICA MATERIAL Y ÉTICA DE RESULTADOS -- LA ÉTICA DE LOS VALORES Y LA ÉTICA IMPERATIVA -- Teorías acerca del origen del concepto de valor y acerca de la esencia de los hechos morales -- El valor y el deber-ser. |
|
| 505 | 0 |
_tTomo II: _aLA ÉTICA MATERIAL DE LOS VALORES Y EL EUDEMONISMO -- La relatividad de los valores y las variaciones de la moral -- El problema del eudomonismo -- FORMAL ISMO Y PERSONA -- Sobre la concepción teórica de la persona en general -- La persona en las conexiones éticas. |
|
| 526 | _aSEG68 | ||
| 526 | _aSEG70 | ||
| 526 | _aSEG69 | ||
| 526 | _aSEG67 | ||
| 526 | _aSEG43 | ||
| 526 | _aP144 | ||
| 526 | _aP143 | ||
| 526 | _aP131 | ||
| 526 | _aP122 | ||
| 526 | _aP120 | ||
| 526 | _aP117 | ||
| 526 | _aP112 | ||
| 526 | _aP110 | ||
| 526 | _aP106 | ||
| 526 | _aP101 | ||
| 526 | _aP80 | ||
| 526 | _aP59 | ||
| 526 | _aP54 | ||
| 526 | _aP35 | ||
| 526 | _aP33 | ||
| 526 | _aP30 | ||
| 600 | 2 | 4 |
_aScheler, Max, _d1874-1928 _98544 |
| 650 | 1 | 4 |
_aÉtica _9518 |
| 650 | 2 | 4 |
_aValores (Filosofía) _98374 |
| 650 | 2 | 4 |
_aPersonalismo _98542 |
| 650 | 2 | 4 |
_aFenomenología _97662 |
| 650 | 2 | 4 |
_aFilosofía alemana _94343 |
| 700 |
_aRodríguez Sanz, Hilario, _etraductor. _98543 |
||
| 942 |
_2ddc _cBK |
||
| 980 |
_818226 _gJaime Vilcazán Jefe de Análisis Documental |
||
| 999 |
_c36593 _d36593 |
||